|
|
|
|
| LEADER |
00000nab a2200000uu 4500 |
| 001 |
vtls011480681 |
| 003 |
SK-MaSNL |
| 005 |
20260303160029.0 |
| 008 |
230222|2004 xo |||||||||||||||||eng| |
| 015 |
|
|
|a SNBRB
|
| 035 |
|
|
|a (urnnbn)urn:nbn:sk:snk:ar-005d7o
|
| 035 |
|
|
|a (uuid)f7bbf193-8b5c-4976-ab65-571db35fda01
|
| 035 |
|
|
|a urn:nbn:sk:snk-abd86b
|
| 040 |
|
|
|a SNKBUCL
|b slo
|c SNKBUCL
|e AACR2
|
| 041 |
0 |
|
|a eng
|
| 044 |
|
|
|a xo
|c SK
|
| 100 |
1 |
|
|a Janák, G.
|4 aut
|9 804776
|
| 245 |
1 |
0 |
|a ANALYSIS OF CRACKS IN SURFACE SKIN OF LOW CARBON STEEL CC SLAB ENRICHED BY COPPER
|c G. Janák, M. Longauerová, M. Fujda
|
| 246 |
3 |
|
|a ANALÝZA TRHLÍN V POVRCHOVEJ KÔRE PLYNULE LIATYCH BRÁM NÍZKOUHLÍKOVEJ OCELE OBOHATENEJ MEĎOU
|
| 700 |
1 |
|
|a Fujda, M.
|4 aut
|9 791411
|
| 700 |
1 |
|
|a Longauerová, M.
|4 aut
|9 775818
|
| 773 |
0 |
|
|t Acta Metallurgica Slovaca : časopis Hutníckej fakulty Technickej univerzity Košice
|g Roč. 10, č. 1 (2004), s. 330-334
|
| 958 |
|
|
|a OND
|
| 958 |
|
|
|a EUIPO
|
| 958 |
|
|
|a article18
|
| 999 |
|
|
|c 2043931
|d 2045861
|